Statistics for DC's Flash Rogues Gallery

Click here to take the quiz!

General Stats

  • This quiz has been taken 26 times
  • The average score is 7 of 11

Answer Stats

First AppearanceAnswer% Correct
Showcase #8 (May/June 1957)Captain Cold
100%
The Flash #140 (November 1963)Heat Wave
91%
The Flash #105 (February/March 1959)Mirror Master
77%
The Flash #113 (June/July 1960)Trickster
77%
The Flash #250 (June 1977)Golden Glider
64%
The Flash #110 (December 1959/January 1960)Weather Wizard
64%
The Flash #117 (December 1960)Captain Boomerang
59%
The Flash #106 (April/May 1959)Gorilla Grodd
55%
The Flash #106 (April/May 1959)Pied Piper
45%
The Flash #128 (February 1962)Abra Kadabra
36%
The Flash #286 (June 1980)Rainbow Raider
23%

Score Distribution

Percentile by Number Answered

Percent of People with Each Score

Your Score History

You have not taken this quiz